000 00309nam a2200109Ia 4500
008 200302s9999 xx 000 0 und d
100 _aTang art design and informantion group Ltd.
245 _aControversial architecture
260 _bTang art design and information group Ltd.
260 _c2013
300 _a365
999 _c7332
_d7332